000 00314nam a2200121Ia 4500
005 20251222143211.0
008 251222s9999||||xx |||||||||||||| ||spa||
082 _a657.3/V39
100 _aVega Cerna, Edwin
245 0 _aGuía Práctica sobre Manejo de las Finanzas y los Riesgos:
264 _bUCSS
942 _cLIB
999 _c13450
_d13450